[Event "British Columbia op"]
[Site "Richmond CAN"]
[Date "2017.02.12"]
[Round "3.7"]
[White "Huang, Patrick"]
[Black "Hiebert, Kenji"]
[Result "0-1"]
[WhiteElo "1944"]
[BlackElo "2078"]
[WhiteFideId "-1"]
[WhiteFideId "-1"]
[PlyCount "66"]
[GameId "2160767908478587"]
[EventDate "2017.02.11"]
[EventType "swiss"]
[EventRounds "6"]
[EventCountry "CAN"]
[SourceTitle "EXT 2022"]
[Source "ChessBase"]
[SourceDate "2021.10.06"]
[SourceVersion "1"]
[SourceVersionDate "2021.10.06"]
[SourceQuality "1"]

1. e4 c5 2. Nf3 Nc6 3. Nc3 e6 4. d4 cxd4 5. Nxd4 Qc7 6. Be2 Nf6 7. a3 a6 8. O-O b5 9. Be3 Bb7 10. Nb3 d6 11. f4 Be7 12. Bf3 O-O 13. Qe2 Rfd8 14. g4 Nd7 15. g5 Nb6 16. a4 b4 17. a5 Nxa5 18. Nxa5 bxc3 19. bxc3 Nd7 20. h4 Nc5 21. Rfb1 Rdb8 22. Nxb7 Rxb7 23. Qc4 Rxb1+ 24. Rxb1 Rb8 25. Rf1 Rb2 26. f5 Rxc2 27. f6 d5 28. Qe2 Rxe2 29. Bxe2 Qg3+ 30. Kh1 Qh3+ 31. Kg1 Qxe3+ 32. Kh1 Bd6 33. Bf3 dxe4 0-1

[Event "British Columbia op"]
[Site "Richmond CAN"]
[Date "2017.02.12"]
[Round "3.8"]
[White "North, Robert"]
[Black "Zhu, Brandon"]
[Result "0-1"]
[WhiteElo "2041"]
[BlackElo "1939"]
[WhiteFideId "-1"]
[WhiteFideId "-1"]
[PlyCount "88"]
[GameId "2160767908478588"]
[EventDate "2017.02.11"]
[EventType "swiss"]
[EventRounds "6"]
[EventCountry "CAN"]
[SourceTitle "EXT 2022"]
[Source "ChessBase"]
[SourceDate "2021.10.06"]
[SourceVersion "1"]
[SourceVersionDate "2021.10.06"]
[SourceQuality "1"]

1. d4 Nf6 2. c4 c5 3. d5 e5 4. Nc3 Bd6 5. e4 Bc7 6. Bd3 d6 7. Nge2 Ba5 8. O-O Nbd7 9. Nb5 Qe7 10. Ng3 Nf8 11. Nxd6+ Qxd6 12. Qa4+ Bd7 13. Qxa5 Ng6 14. Be3 b6 15. Qd2 Ng4 16. Nh5 O-O 17. h3 Nxe3 18. fxe3 Ne7 19. g4 Qh6 20. Qe2 Nc8 21. Rf3 Nd6 22. Raf1 f5 23. exf5 e4 24. Rf4 exd3 25. Qxd3 Bxf5 26. gxf5 Qxh5 27. e4 Rae8 28. Rg4 Qh6 29. Rff4 Qf6 30. b3 Qd4+ 31. Qxd4 cxd4 32. Kf2 Nf7 33. Rg1 Ne5 34. Rd1 g5 35. Rf3 Nxf3 36. Kxf3 Kf7 37. b4 Kf6 38. Rxd4 Ke5 39. Ke3 Kd6 40. Rd3 Rxf5 41. Kd4 Rfe5 42. c5+ bxc5+ 43. bxc5+ Kc7 44. Re3 h5 0-1

[Event "British Columbia op"]
[Site "Richmond CAN"]
[Date "2017.02.12"]
[Round "3.9"]
[White "Zhou, Aiden"]
[Black "Hemstapat, Andrew"]
[Result "0-1"]
[WhiteElo "1911"]
[BlackElo "2009"]
[WhiteFideId "-1"]
[WhiteFideId "-1"]
[PlyCount "76"]
[GameId "2160767908478589"]
[EventDate "2017.02.11"]
[EventType "swiss"]
[EventRounds "6"]
[EventCountry "CAN"]
[SourceTitle "EXT 2022"]
[Source "ChessBase"]
[SourceDate "2021.10.06"]
[SourceVersion "1"]
[SourceVersionDate "2021.10.06"]
[SourceQuality "1"]

1. d4 Nf6 2. Bg5 Ne4 3. Bf4 g6 4. e3 Bg7 5. Bd3 Nf6 6. Nf3 d6 7. O-O O-O 8. h3 Nbd7 9. Nbd2 c6 10. c3 Qc7 11. Bh2 e5 12. e4 Nh5 13. Bc4 b5 14. Bb3 Bb7 15. a4 a6 16. axb5 axb5 17. Rxa8 Bxa8 18. Qa1 c5 19. dxe5 Nxe5 20. Nxe5 dxe5 21. Bd1 Qd6 22. Bxh5 gxh5 23. Rd1 Rd8 24. f3 Bh6 25. f4 exf4 26. b4 cxb4 27. cxb4 Bg7 28. Qa5 Be5 29. Qxb5 Bxe4 30. Qc4 Bd3 31. Ne4 Qb6+ 32. Qc5 Bd4+ 33. Kh1 Bxc5 34. bxc5 Bxe4 35. cxb6 Rxd1+ 36. Bg1 Rd2 37. h4 Rxg2 38. b7 Rb2# 0-1

[Event "British Columbia op"]
[Site "Richmond CAN"]
[Date "2017.02.12"]
[Round "3.10"]
[White "Zheng, Maven"]
[Black "Gu, Chuyang"]
[Result "1-0"]
[WhiteElo "1705"]
[BlackElo "1731"]
[WhiteFideId "-1"]
[WhiteFideId "-1"]
[PlyCount "59"]
[GameId "2160767908478590"]
[EventDate "2017.02.11"]
[EventType "swiss"]
[EventRounds "6"]
[EventCountry "CAN"]
[SourceTitle "EXT 2022"]
[Source "ChessBase"]
[SourceDate "2021.10.06"]
[SourceVersion "1"]
[SourceVersionDate "2021.10.06"]
[SourceQuality "1"]

1. d4 Nf6 2. c4 e6 3. Nf3 b6 4. e3 Bb7 5. Bd3 d5 6. Nc3 Bb4 7. O-O O-O 8. Qe2 Nbd7 9. Rd1 Bd6 10. cxd5 exd5 11. b3 Qe7 12. Bb2 c5 13. Nb5 Bb8 14. Rac1 a6 15. Nc3 Bd6 16. Bb1 h6 17. Nh4 cxd4 18. Rxd4 Be5 19. Nf5 Qe6 20. Rh4 Ne4 21. Qg4 Kh8 22. Nxe4 Bxb2 23. Ng5 Ne5 24. Qh3 Rac8 25. Rf1 Nf3+ 26. Nxf3 Bf6 27. Rxh6+ gxh6 28. Qxh6+ Kg8 29. Ne7+ Bxe7 30. Qh7# 1-0

[Event "British Columbia op"]
[Site "Richmond CAN"]
[Date "2017.02.12"]
[Round "3.11"]
[White "O'Brien, Frank"]
[Black "Williamson, Jason"]
[Result "1/2-1/2"]
[WhiteElo "1772"]
[BlackElo "1986"]
[WhiteFideId "-1"]
[WhiteFideId "-1"]
[PlyCount "82"]
[GameId "2160767908478591"]
[EventDate "2017.02.11"]
[EventType "swiss"]
[EventRounds "6"]
[EventCountry "CAN"]
[SourceTitle "EXT 2022"]
[Source "ChessBase"]
[SourceDate "2021.10.06"]
[SourceVersion "1"]
[SourceVersionDate "2021.10.06"]
[SourceQuality "1"]

1. d4 Nf6 2. Nf3 g6 3. Bf4 Bg7 4. e3 O-O 5. Nbd2 d6 6. h3 c5 7. c3 b6 8. Be2 Bb7 9. O-O Nbd7 10. Re1 Re8 11. Qb3 d5 12. Ne5 e6 13. Ndf3 Nxe5 14. Nxe5 Nd7 15. Nxd7 Qxd7 16. a4 f6 17. dxc5 bxc5 18. Qb5 Qc8 19. Bd6 Bf8 20. Bxf8 Kxf8 21. Qb3 Ba6 22. Qa3 Bxe2 23. Rxe2 Kf7 24. b4 cxb4 25. cxb4 Qc4 26. Ree1 Rec8 27. Rec1 Qe4 28. b5 e5 29. f3 Qf5 30. Qd6 Qe6 31. Rc7+ Rxc7 32. Qxc7+ Qe7 33. Rc1 Rd8 34. Qxe7+ Kxe7 35. Kf2 d4 36. exd4 Rxd4 37. Rc7+ Rd7 38. Rc6 Rd6 39. Rc7+ Rd7 40. Rc6 Rd6 41. Rc7+ Rd7 1/2-1/2

[Event "British Columbia op"]
[Site "Richmond CAN"]
[Date "2017.02.12"]
[Round "3.13"]
[White "Qu, Leo"]
[Black "Zheng, Victor"]
[Result "0-1"]
[WhiteElo "1872"]
[BlackElo "1849"]
[WhiteFideId "-1"]
[WhiteFideId "-1"]
[PlyCount "90"]
[GameId "2160767908478592"]
[EventDate "2017.02.11"]
[EventType "swiss"]
[EventRounds "6"]
[EventCountry "CAN"]
[SourceTitle "EXT 2022"]
[Source "ChessBase"]
[SourceDate "2021.10.06"]
[SourceVersion "1"]
[SourceVersionDate "2021.10.06"]
[SourceQuality "1"]

1. d4 Nf6 2. Bf4 e6 3. Nf3 d5 4. e3 c5 5. c3 Nc6 6. Bd3 b6 7. Nbd2 Be7 8. Qe2 Bb7 9. h4 Rc8 10. Rd1 cxd4 11. exd4 Nh5 12. Be3 Qc7 13. g3 Bd6 14. Rg1 Na5 15. Rc1 Nc4 16. b3 Nxd2 17. Nxd2 Nf6 18. Kf1 O-O 19. Bg5 Be7 20. Bf4 Bd6 21. Be5 Bxe5 22. dxe5 Nd7 23. Nf3 f6 24. exf6 Rxf6 25. Ng5 Nf8 26. Kg2 e5 27. Kh2 e4 28. Bb1 h6 29. Nh3 Ne6 30. c4 Nd4 31. Qe3 Nf3+ 32. Kh1 Nxg1 33. Kxg1 Qd7 34. Nf4 d4 35. Qe2 d3 36. Qe3 Qg4 37. Rf1 Rcf8 38. Kh2 Rd6 39. b4 d2 40. Bc2 d1=Q 41. Bxd1 Rxd1 42. f3 Qd7 43. Rf2 exf3 44. h5 Re8 45. Qc3 Ree1 0-1

[Event "British Columbia op"]
[Site "Richmond CAN"]
[Date "2017.02.12"]
[Round "4.1"]
[White "Barranco, Francisco"]
[Black "Pechisker, Alfred"]
[Result "1-0"]
[WhiteElo "2202"]
[BlackElo "2237"]
[WhiteFideId "-1"]
[WhiteFideId "-1"]
[PlyCount "95"]
[GameId "2160767908478593"]
[EventDate "2017.02.11"]
[EventType "swiss"]
[EventRounds "6"]
[EventCountry "CAN"]
[SourceTitle "EXT 2022"]
[Source "ChessBase"]
[SourceDate "2021.10.06"]
[SourceVersion "1"]
[SourceVersionDate "2021.10.06"]
[SourceQuality "1"]

1. d4 d5 2. Nf3 Nf6 3. c4 c6 4. Nc3 e6 5. e3 Be7 6. Qc2 Nbd7 7. Be2 dxc4 8. Bxc4 b5 9. Bd3 Bb7 10. a4 b4 11. Ne4 Rc8 12. O-O c5 13. Nxc5 Nxc5 14. dxc5 O-O 15. Qe2 Ne4 16. c6 Bxc6 17. Ba6 Rb8 18. Rd1 Qa5 19. Nd4 Ba8 20. f3 Nf6 21. e4 Rfd8 22. Be3 Bc5 23. Kh1 Bd6 24. Bb5 Qc7 25. Rac1 Qe7 26. Bc6 Be5 27. Bxa8 Bxd4 28. Rxd4 Rxa8 29. Qa6 Rxd4 30. Bxd4 Qd7 31. Rc4 e5 32. Bg1 b3 33. Qb5 Qxb5 34. axb5 Kf8 35. Ra4 Rb8 36. Ra5 Nd7 37. Bxa7 Rb7 38. Kg1 Ke7 39. Kf2 Rc7 40. b6 Rc2+ 41. Kg3 Rxb2 42. b7 Rd2 43. Rxe5+ Kd6 44. Rb5 b2 45. b8=Q+ Nxb8 46. Rxb8 Kc6 47. Be3 Rd3 48. Kf2 1-0

[Event "British Columbia op"]
[Site "Richmond CAN"]
[Date "2017.02.12"]
[Round "4.2"]
[White "Nyamdorj, Davaa-Ochir"]
[Black "Sohal, Tanraj"]
[Result "1/2-1/2"]
[WhiteElo "2149"]
[BlackElo "2374"]
[WhiteFideId "-1"]
[WhiteFideId "-1"]
[PlyCount "110"]
[GameId "2160767908478594"]
[EventDate "2017.02.11"]
[EventType "swiss"]
[EventRounds "6"]
[EventCountry "CAN"]

1. e4 c5 2. Nf3 e6 3. d4 cxd4 4. Nxd4 Nf6 5. Nc3 Nc6 6. a3 e5 7. Nb3 d6 8. Be2 Be7 9. O-O O-O 10. f4 exf4 11. Bxf4 Be6 12. Bf3 Ne5 13. Qd4 Nxf3+ 14. gxf3 Nh5 15. Be3 Bg5 16. Qd2 Bxe3+ 17. Qxe3 Bxb3 18. cxb3 a6 19. Nd5 Nf6 20. Nb6 Rb8 21. Rad1 Qe7 22. Rd2 Rbd8 23. Rfd1 Qe6 24. Kh1 Rfe8 25. Nd5 Nxd5 26. Rxd5 Qf6 27. Qc3 Qf4 28. Rf5 Qh6 29. Qc7 Qe6 30. Rfd5 Qf6 31. Qc3 Qf4 32. Rg1 g6 33. Rf5 Qh4 34. Qc7 Qe7 35. Qc4 Rc8 36. Qd4 Rc5 37. Rf6 Rc6 38. Rd1 d5 39. Rxc6 bxc6 40. exd5 cxd5 41. Qxd5 Qe2 42. Qd3 Qxb2 43. b4 Re2 44. Qd8+ Kg7 45. Qd6 Qc3 46. Qd3 Qe5 47. f4 Qh5 48. Qc3+ Kh6 49. Qg3 Qf5 50. Qf3 Qc2 51. Qh3+ Kg7 52. Rf1 Qe4+ 53. Qf3 Qc2 54. Qg3 Qe4+ 55. Qf3 Qc2 1/2-1/2

[Event "British Columbia op"]
[Site "Richmond CAN"]
[Date "2017.02.12"]
[Round "4.3"]
[White "Kenney, Jason"]
[Black "McLaren, Brian"]
[Result "1-0"]
[WhiteElo "2201"]
[BlackElo "2198"]
[WhiteFideId "-1"]
[WhiteFideId "-1"]
[PlyCount "167"]
[GameId "2160767908478595"]
[EventDate "2017.02.11"]
[EventType "swiss"]
[EventRounds "6"]
[EventCountry "CAN"]
[SourceTitle "EXT 2022"]
[Source "ChessBase"]
[SourceDate "2021.10.06"]
[SourceVersion "1"]
[SourceVersionDate "2021.10.06"]
[SourceQuality "1"]

1. d4 f5 2. c4 Nf6 3. Nf3 e6 4. g3 d5 5. Bg2 c6 6. O-O Bd6 7. b3 Qe7 8. Bb2 O-O 9. Qc1 b5 10. Ne5 Bb7 11. Nd3 Nbd7 12. Ba3 bxc4 13. bxc4 Ba6 14. Bxd6 Qxd6 15. Qa3 Qxa3 16. Nxa3 Rab8 17. Rfc1 Rfc8 18. Rc2 Kf7 19. Rac1 Ke7 20. Bf1 Nb6 21. Ne5 Nfd7 22. Nxd7 Kxd7 23. e3 Bxc4 24. Bxc4 dxc4 25. Nxc4 Nxc4 26. Rxc4 Rb5 27. Rc5 a6 28. R1c3 g5 29. Kg2 g4 30. h3 h5 31. hxg4 hxg4 32. f3 Rb2+ 33. Rc2 Rxc2+ 34. Rxc2 Rb8 35. Kf2 Kd6 36. Ke2 Rh8 37. fxg4 fxg4 38. Kd3 Rf8 39. Rc5 Rf3 40. Ra5 Rxg3 41. Rxa6 Rg1 42. Ra7 g3 43. Ke4 g2 44. Rg7 c5 45. dxc5+ Kxc5 46. Kf3 e5 47. Rxg2 e4+ 48. Kg3 Rf1 49. Rf2 Rd1 50. Kf4 Kd5 51. a4 Ke6 52. Rh2 Rf1+ 53. Kxe4 Ra1 54. Rh6+ Ke7 55. Ra6 Re1 56. Kd4 Rd1+ 57. Ke5 Kd7 58. e4 Rh1 59. Rd6+ Ke7 60. Rd5 Ra1 61. a5 Rh1 62. Kd4 Ra1 63. Rb5 Ra2 64. Rb7+ Ke6 65. Rb6+ Kd7 66. a6 Ra4+ 67. Ke5 Ra5+ 68. Kf4 Ra1 69. Rh6 Ke7 70. Kf5 Ra2 71. a7 Ra1 72. Rh7+ Kd6 73. e5+ Kc6 74. Ke6 Ra5 75. Rh8 Rxa7 76. Rc8+ Kb7 77. Rc1 Ra2 78. Ke7 Rf2 79. e6 Rf3 80. Ke8 Rf2 81. e7 Rf4 82. Kd7 Rd4+ 83. Ke6 Re4+ 84. Kd6 1-0

[Event "British Columbia op"]
[Site "Richmond CAN"]
[Date "2017.02.12"]
[Round "4.4"]
[White "Hemstapat, Andrew"]
[Black "Richardson, Kai"]
[Result "1-0"]
[WhiteElo "2009"]
[BlackElo "2083"]
[WhiteFideId "-1"]
[WhiteFideId "-1"]
[PlyCount "39"]
[GameId "2160767908478596"]
[EventDate "2017.02.11"]
[EventType "swiss"]
[EventRounds "6"]
[EventCountry "CAN"]
[SourceTitle "EXT 2022"]
[Source "ChessBase"]
[SourceDate "2021.10.06"]
[SourceVersion "1"]
[SourceVersionDate "2021.10.06"]
[SourceQuality "1"]

1. e4 e6 2. Nf3 d5 3. Nc3 Nf6 4. e5 Nfd7 5. d4 c5 6. Bg5 Qb6 7. dxc5 Bxc5 8. Qd2 a6 9. Bd3 Nc6 10. O-O O-O 11. Qf4 Qb4 12. Qg3 g6 13. a3 Qb6 14. Na4 Qa5 15. Nxc5 Qxc5 16. Qh4 h5 17. b4 Qb6 18. Bf6 Nxf6 19. exf6 Qd8 20. Qg5 1-0

[Event "British Columbia op"]
[Site "Richmond CAN"]
[Date "2017.02.12"]
[Round "4.5"]
[White "Zhu, Brandon"]
[Black "Hiebert, Kenji"]
[Result "1-0"]
[WhiteElo "1939"]
[BlackElo "2078"]
[WhiteFideId "-1"]
[WhiteFideId "-1"]
[PlyCount "57"]
[GameId "2160767908478597"]
[EventDate "2017.02.11"]
[EventType "swiss"]
[EventRounds "6"]
[EventCountry "CAN"]
[SourceTitle "EXT 2022"]
[Source "ChessBase"]
[SourceDate "2021.10.06"]
[SourceVersion "1"]
[SourceVersionDate "2021.10.06"]
[SourceQuality "1"]

1. d4 Nf6 2. c4 e6 3. g3 c5 4. d5 exd5 5. cxd5 d6 6. Bg2 g6 7. Nc3 Bg7 8. Nf3 O-O 9. O-O Re8 10. Bf4 a6 11. a4 Ne4 12. Nxe4 Rxe4 13. Nd2 Rxf4 14. gxf4 Bxb2 15. Rb1 Bg7 16. a5 Qh4 17. Qa4 Nd7 18. Ne4 Qxf4 19. Nxc5 Qxa4 20. Nxa4 Rb8 21. Rfc1 Ne5 22. Rc7 Bd7 23. Nc3 Be8 24. Ne4 Bf8 25. Rcxb7 Rxb7 26. Rxb7 Bb5 27. Rxb5 axb5 28. a6 Nd7 29. Nf6+ 1-0

[Event "British Columbia op"]
[Site "Richmond CAN"]
[Date "2017.02.12"]
[Round "4.6"]
[White "Morozov, Grigory"]
[Black "Salcedo, Daniel"]
[Result "1-0"]
[WhiteElo "2348"]
[BlackElo "1997"]
[WhiteFideId "-1"]
[WhiteFideId "-1"]
[PlyCount "79"]
[GameId "2160767908478598"]
[EventDate "2017.02.11"]
[EventType "swiss"]
[EventRounds "6"]
[EventCountry "CAN"]
[SourceTitle "EXT 2022"]
[Source "ChessBase"]
[SourceDate "2021.10.06"]
[SourceVersion "1"]
[SourceVersionDate "2021.10.06"]
[SourceQuality "1"]

1. d4 Nf6 2. c4 g6 3. Nc3 Bg7 4. e4 d6 5. Nf3 O-O 6. Be2 c5 7. d5 a6 8. a4 a5 9. h3 Na6 10. O-O Nb4 11. Be3 Bd7 12. Qd2 Qc8 13. Kh2 h5 14. Ng5 Nh7 15. Nxh7 Kxh7 16. f4 f5 17. Bf3 e5 18. dxe6 Bxe6 19. b3 Qd8 20. Rad1 Qf6 21. Nb5 fxe4 22. Bxe4 Rad8 23. Nxd6 b6 24. Qe2 Bxh3 25. Qxh5+ Bh6 26. Qxg6+ Qxg6 27. Bxg6+ Kxg6 28. Kxh3 Rf6 29. Ne4 Rxd1 30. Rxd1 Re6 31. Rd6 Rxd6 32. Nxd6 Bf8 33. Nc8 Nc2 34. Bd2 Nd4 35. Kg4 Nxb3 36. Bc3 Bg7 37. f5+ Kf7 38. Bxg7 Kxg7 39. Nxb6 Nd2 40. Kf4 1-0

[Event "British Columbia op"]
[Site "Richmond CAN"]
[Date "2017.02.12"]
[Round "4.7"]
[White "Doknjas, Joshua"]
[Black "Zheng, Maven"]
[Result "1-0"]
[WhiteElo "2208"]
[BlackElo "1705"]
[WhiteFideId "-1"]
[WhiteFideId "-1"]
[PlyCount "75"]
[GameId "2160767908478599"]
[EventDate "2017.02.11"]
[EventType "swiss"]
[EventRounds "6"]
[EventCountry "CAN"]
[SourceTitle "EXT 2022"]
[Source "ChessBase"]
[SourceDate "2021.10.06"]
[SourceVersion "1"]
[SourceVersionDate "2021.10.06"]
[SourceQuality "1"]

1. e4 c5 2. Nf3 d6 3. d4 cxd4 4. Nxd4 Nf6 5. Nc3 a6 6. h3 e5 7. Nde2 Be7 8. g4 Be6 9. Bg2 Nbd7 10. Ng3 b5 11. g5 Ng8 12. h4 Nb6 13. Nf5 Kf8 14. Ne3 Rc8 15. Ned5 f6 16. Nxb6 Qxb6 17. Bh3 Bxh3 18. Rxh3 Qc6 19. a3 Bd8 20. Rd3 Ba5 21. b4 Bb6 22. Nd5 Bd4 23. c3 Ba7 24. Qf3 Ke8 25. Bd2 Rd8 26. O-O-O Rd7 27. Qg4 Qc4 28. Be3 Bxe3+ 29. Nxe3 Qa2 30. Nc2 fxg5 31. Rxd6 Rxd6 32. Qc8+ Kf7 33. Rxd6 gxh4 34. Rd7+ Kg6 35. Qe8+ Kh6 36. Qf8 Nf6 37. Qxg7+ Kh5 38. Qxf6 1-0

[Event "British Columbia op"]
[Site "Richmond CAN"]
[Date "2017.02.12"]
[Round "4.8"]
[White "Fratila, Adela"]
[Black "Sadoughian-Zadeh, Farshad"]
[Result "0-1"]
[WhiteElo "2050"]
[BlackElo "2090"]
[WhiteFideId "-1"]
[WhiteFideId "-1"]
[PlyCount "76"]
[GameId "2160767908478600"]
[EventDate "2017.02.11"]
[EventType "swiss"]
[EventRounds "6"]
[EventCountry "CAN"]
[SourceTitle "EXT 2022"]
[Source "ChessBase"]
[SourceDate "2021.10.06"]
[SourceVersion "1"]
[SourceVersionDate "2021.10.06"]
[SourceQuality "1"]

1. d4 Nf6 2. Nf3 g6 3. Bf4 Bg7 4. c3 O-O 5. e3 d6 6. Bd3 b6 7. O-O Bb7 8. Nbd2 Nbd7 9. Qe2 a6 10. h3 Qe8 11. e4 e5 12. Bh2 Kh8 13. a4 Qe7 14. d5 Nh5 15. g3 Ndf6 16. c4 Bh6 17. Kh1 Rg8 18. Ng1 g5 19. f3 a5 20. Rfb1 Nd7 21. Nf1 Nf4 22. Qd1 Nc5 23. Bc2 Bc8 24. g4 Bg7 25. Ng3 Qf6 26. Qf1 h5 27. N1e2 hxg4 28. hxg4 Qh6 29. Nf5 Bxf5 30. exf5 Bf6 31. Rd1 Kg7 32. Qf2 Rh8 33. Rd2 Rh7 34. Re1 Rah8 35. Nxf4 exf4 36. Bb1 Nb3 37. Rde2 Nd4 38. Rd2 Qxh2+ 0-1

[Event "British Columbia op"]
[Site "Richmond CAN"]
[Date "2017.02.12"]
[Round "4.9"]
[White "Zheng, Victor"]
[Black "North, Robert"]
[Result "0-1"]
[WhiteElo "1849"]
[BlackElo "2041"]
[WhiteFideId "-1"]
[WhiteFideId "-1"]
[PlyCount "118"]
[GameId "2160767908478601"]
[EventDate "2017.02.11"]
[EventType "swiss"]
[EventRounds "6"]
[EventCountry "CAN"]
[SourceTitle "EXT 2022"]
[Source "ChessBase"]
[SourceDate "2021.10.06"]
[SourceVersion "1"]
[SourceVersionDate "2021.10.06"]
[SourceQuality "1"]

1. Nf3 Nf6 2. c4 c5 3. g3 d5 4. Bg2 Nc6 5. O-O e5 6. d3 Be7 7. Nc3 d4 8. Ne4 Nxe4 9. dxe4 Be6 10. Qc2 O-O 11. a3 h6 12. Bd2 a5 13. Rab1 f5 14. Ne1 Qe8 15. e3 Rc8 16. f4 dxe3 17. Bxe3 Nd4 18. Bxd4 cxd4 19. b3 b5 20. fxe5 bxc4 21. exf5 cxb3 22. Qe4 Bc4 23. Nd3 Bxd3 24. Qxd3 Rc3 25. Qa6 a4 26. f6 gxf6 27. exf6 Bxf6 28. Rxf6 Qe3+ 29. Kh1 Rc1+ 30. Rxc1 Qxc1+ 31. Qf1 Qxf1+ 32. Rxf1 Rc8 33. Be4 Rc3 34. Rd1 b2 35. Rxd4 Rxa3 36. Rb4 Ra1+ 37. Kg2 a3 38. Kh3 Re1 39. Bd3 Kg7 40. Ra4 Ra1 41. Ra7+ Kf6 42. Ra6+ Ke5 43. Rxh6 Rd1 44. Bc2 Rc1 45. Rh5+ Kd4 46. Rh4+ Kc3 47. Bf5 a2 48. g4 a1=Q 49. g5 Rg1 50. Rg4 Qf1+ 51. Kh4 Rxg4+ 52. Kxg4 Kd4 53. h4 Ke5 54. Bg6 Qe2+ 55. Kg3 b1=Q 56. Bxb1 Qe1+ 57. Kg4 Qxb1 58. Kh5 Qh7+ 59. Kg4 Qg6 0-1

[Event "British Columbia op"]
[Site "Richmond CAN"]
[Date "2017.02.12"]
[Round "4.10"]
[White "Gu, Chuyang"]
[Black "Huang, Patrick"]
[Result "0-1"]
[WhiteElo "1731"]
[BlackElo "1944"]
[WhiteFideId "-1"]
[WhiteFideId "-1"]
[PlyCount "48"]
[GameId "2160767908478602"]
[EventDate "2017.02.11"]
[EventType "swiss"]
[EventRounds "6"]
[EventCountry "CAN"]
[SourceTitle "EXT 2022"]
[Source "ChessBase"]
[SourceDate "2021.10.06"]
[SourceVersion "1"]
[SourceVersionDate "2021.10.06"]
[SourceQuality "1"]

1. e4 c5 2. Nf3 d6 3. d4 cxd4 4. Nxd4 Nf6 5. Nc3 a6 6. Bg5 e6 7. f4 Be7 8. Qf3 h6 9. Bh4 Qc7 10. Bd3 Nbd7 11. O-O-O g5 12. fxg5 Ne5 13. Qe2 Nfg4 14. Nf3 Nxf3 15. h3 Nxh4 16. hxg4 Bxg5+ 17. Kb1 Bd7 18. Rhf1 Ng6 19. Bc4 b5 20. Bb3 b4 21. Nd5 exd5 22. Bxd5 Bb5 23. Qf2 Bxf1 24. Rxf1 Ra7 0-1

[Event "British Columbia op"]
[Site "Richmond CAN"]
[Date "2017.02.12"]
[Round "4.11"]
[White "Chung, Alec"]
[Black "Zhou, Aiden"]
[Result "1-0"]
[WhiteElo "1700"]
[BlackElo "1911"]
[WhiteFideId "-1"]
[WhiteFideId "-1"]
[PlyCount "109"]
[GameId "2160767908478603"]
[EventDate "2017.02.11"]
[EventType "swiss"]
[EventRounds "6"]
[EventCountry "CAN"]
[SourceTitle "EXT 2022"]
[Source "ChessBase"]
[SourceDate "2021.10.06"]
[SourceVersion "1"]
[SourceVersionDate "2021.10.06"]
[SourceQuality "1"]

1. c4 Nf6 2. Nc3 Nc6 3. g3 e5 4. Bg2 Bc5 5. e3 O-O 6. Nge2 d6 7. O-O a6 8. a3 Bf5 9. d4 exd4 10. Nxd4 Bd7 11. b4 Ba7 12. Bb2 Nxd4 13. exd4 c6 14. Re1 Be6 15. c5 d5 16. h3 Qd7 17. Kh2 Bb8 18. Bc1 h6 19. Be3 Bc7 20. Qd2 Kh7 21. Bf4 Rfe8 22. Re2 Bf5 23. Rae1 Bxf4 24. Qxf4 g5 25. Qd2 Rxe2 26. Rxe2 Re8 27. Qe1 Rxe2 28. Qxe2 Qe6 29. f3 Qxe2 30. Nxe2 Bd3 31. Nc1 Bc4 32. h4 g4 33. fxg4 Nxg4+ 34. Kg1 Kg6 35. Bf3 Ne3 36. Ne2 Bxe2 37. Bxe2 Kf5 38. Bd3+ Kg4 39. Kf2 Nd1+ 40. Kg2 Nc3 41. Kh2 Kf3 42. Bf5 Nb5 43. Bc8 Nc7 44. Bxb7 Ke3 45. Bxc6 Kxd4 46. Kg2 Kc3 47. g4 d4 48. g5 h5 49. Bf3 d3 50. Kf2 Kc2 51. Bxh5 d2 52. c6 Nd5 53. Bf3 d1=Q 54. Bxd1+ Kxd1 55. h5 1-0

[Event "British Columbia op"]
[Site "Richmond CAN"]
[Date "2017.02.12"]
[Round "4.13"]
[White "Williamson, Jason"]
[Black "Qu, Leo"]
[Result "1/2-1/2"]
[WhiteElo "1986"]
[BlackElo "1872"]
[WhiteFideId "-1"]
[WhiteFideId "-1"]
[PlyCount "107"]
[GameId "2160767908478604"]
[EventDate "2017.02.11"]
[EventType "swiss"]
[EventRounds "6"]
[EventCountry "CAN"]
[SourceTitle "EXT 2022"]
[Source "ChessBase"]
[SourceDate "2021.10.06"]
[SourceVersion "1"]
[SourceVersionDate "2021.10.06"]
[SourceQuality "1"]

1. e4 e6 2. d4 d5 3. Nc3 Nf6 4. Bg5 dxe4 5. Nxe4 Be7 6. Nxf6+ Bxf6 7. Bxf6 Qxf6 8. Nf3 b6 9. Bb5+ Bd7 10. Qe2 Bxb5 11. Qxb5+ c6 12. Qe5 Qxe5+ 13. Nxe5 f6 14. Nc4 Ke7 15. f4 Na6 16. O-O-O Rad8 17. Rhe1 Kf7 18. Re3 Nb4 19. Ra3 Rd7 20. Ne3 h5 21. c3 Nd5 22. Nxd5 cxd5 23. Ra6 Rh6 24. Re1 Rg6 25. Re2 Rg4 26. Rf2 Kg6 27. Kd2 Kf5 28. Ke3 g5 29. fxg5+ Kxg5 30. a4 Re4+ 31. Kd2 Rb7 32. Re2 Kf5 33. Rf2+ Rf4 34. Re2 e5 35. g3 Rf3 36. dxe5 fxe5 37. Ke1 Rd7 38. a5 d4 39. cxd4 exd4 40. axb6 axb6 41. Rxb6 d3 42. Rg2 Kg4 43. Rb4+ Kh3 44. Rf2 Re7+ 45. Kf1 Rxf2+ 46. Kxf2 Re2+ 47. Kf3 Kxh2 48. Rh4+ Kg1 49. b4 Rb2 50. Rd4 d2 51. Ke2 Kg2 52. Rh4 Kxg3 53. Rxh5 Rxb4 54. Kxd2 1/2-1/2

[Event "British Columbia op"]
[Site "Richmond CAN"]
[Date "2017.02.13"]
[Round "5.1"]
[White "Kenney, Jason"]
[Black "Barranco, Francisco"]
[Result "1-0"]
[WhiteElo "2201"]
[BlackElo "2202"]
[WhiteFideId "-1"]
[WhiteFideId "-1"]
[PlyCount "55"]
[GameId "2160767908478605"]
[EventDate "2017.02.11"]
[EventType "swiss"]
[EventRounds "6"]
[EventCountry "CAN"]
[SourceTitle "EXT 2022"]
[Source "ChessBase"]
[SourceDate "2021.10.06"]
[SourceVersion "1"]
[SourceVersionDate "2021.10.06"]
[SourceQuality "1"]

1. e4 c5 2. Nf3 d6 3. Bb5+ Nd7 4. O-O Ngf6 5. Re1 a6 6. Bd3 b5 7. c4 g5 8. Nxg5 Ne5 9. Bf1 bxc4 10. d4 cxd3 11. f4 Nc6 12. Bxd3 h6 13. Nf3 Be6 14. h3 Rg8 15. Kh1 Bg7 16. Nc3 Qb6 17. Rb1 Nb4 18. Be3 Nxd3 19. Qxd3 Qc6 20. f5 Bc8 21. e5 dxe5 22. Nxe5 Qc7 23. Qc4 e6 24. Bxc5 Nd7 25. Nxd7 Bxd7 26. fxe6 fxe6 27. Rxe6+ Kd8 28. Bb6 1-0